000 00331nam a22001457a 4500
008 230124b ||||| |||| 00| 0 eng d
020 _a9781425803797
041 _aeng
080 _a51
082 _a51FRE
100 _a23
101 _aMATE
245 _aINTEGRATING TECHNOLOGY INTO THE CURRICULUM
_cFREI SH
942 _2udc
_cBK
999 _c59253
_d59253